| 000 | 00601nam a2200217Ia 4500 | ||
|---|---|---|---|
| 001 | 1951 | ||
| 005 | 20240113233522.0 | ||
| 007 | ta | ||
| 008 | 050218s a g b000 u eng u | ||
| 040 | _aCotton College,Assam | ||
| 041 | _aeng | ||
| 082 |
_a423 _bD 15 D |
||
| 100 | _aDalbiac, Colonel P. H. . | ||
| 245 | 0 |
_aA Dictionary of Quotations / _cColoneal P.H.Dalbiac. _hTextual Documents |
|
| 260 |
_aNew York : _bT. Nelson & Sons , _c1837. |
||
| 300 |
_a489p. : _bill ; _c20cm. . |
||
| 653 | _aDictionary - Quotations | ||
| 942 |
_2ddc _cBK |
||
| 999 |
_c1944 _d1944 |
||